1724 1469 1733 1592 1942 1754 1957 1973 1382 1070 1838 1788 1700 1119 1092 1504 1608 1573 1947 1628 1318 1818 1731 1341 1636 1973 1742 1011 1672 1119 1745 1579 1596 1693 1318 1431 1703 1912 1040 1547 1664 1150 1279 1847 1294 1714 1590 1392 1446 1729 1405 1401 1409 1541 1565 1126 1607 1634 1439 1837 1447 1773 1845 1222 1248 1054 1110 1762 1768 1970 1391 1562 1372 1885 1677 1545 1273 1160 1482 1408 1333 1384 1919 1964 1449 1019 1029 1839 1778 1213 1445 1578 1076 1836 1121 1288 1707 1898 1819 BCNSPRNW ULIB Ver.6.0+V

เปลี่ยนเป็นภาษาไทย

Change to English
 แสดงรายละเอียดบรรณานุกรม
  กลับหน้าหลัก

Brief Record : Get Marc (ISO 2709) : E-mail record : QR code < ปิดหน้าต่าง
LEADER : 00000nam 2200000uu 4500
001    13399121766
003     ULIB
008    121204s2550||||th 000 0 tha d
020    ^a9789749990445
060 04 ^aWE168^bอ128จ 2550
245 00 ^aจุลศัลยกรรมทางออร์โธปิดิกส์ =^bMicrosurgery in Orthopaedics /^cบรรณาธิการ, อดิศร ภัทราดูลย์
246 31 ^aMicrosurgery in Orthopaedics
250    ^aพิมพ์ครั้งที่ 1
260    ^aกรุงเทพฯ :^bภาควิชาออร์โธปิดิคส์ คณะแพทยศาสตร์จุฬาลงกรณ์มหาวิทยาลัย,^c2550
300    ^a154 หน้า :^bภาพประกอบสี ;^c29 ซม.
650  7 ^aกระดูก^xศัลยกรรม
650  7 ^aศัลยกรรมออร์โทพีดิกส์
710 2  ^aจุฬาลงกรณ์มหาวิทยาลัย. ^bคณะแพทยศาสตร์.^bภาควิชาออร์โธปิดิคส์
945    ^p1000^l0^i14280
995    ^aกัณชพร
999 ^a ใช้งานได้ทุกระบบ
รายการนี้ยังไม่มีแท็ก
คุณยังไม่ได้ล็อกอิน คุณสามารถมีกิจกรรมร่วมกับเว็บไซต์ได้ แต่ต้องล็อกอินก่อน ::
  ล็อกอิน

รายการสื่อสารสนเทศ

ลำดับที่ ประเภท เลขเรียก/บาร์โค้ด สถานที่ สถานะ
1. วิทยาศาสตร์การแพทย์ และสุขภาพ
วิทยาศาสตร์การแพทย์ และสุขภาพ
WE168 อ128จ 2550  
  Barcode: 14280
ห้องสมุดวิทยาเขตสวรรค์ประชารักษ์
►ส่วนจัดเก็บหนังสือเก่า สปร
บนชั้น
  ขอยืม

รายการใกล้เคียง
    หัวเรื่อง [ศัลยกรรมออร์โทพีดิกส์]

BibComment


ยังไม่เคยถูกคอมเมนท์

คอมเมนท์ทรัพยากรรายการนี้
  คอมเมนท์: จุลศัลยกรรมทางออ..


 Copyright 2026. Bcnsprnw @Library